000 01311cam a2200301 a 4500
001 3382
005 20240229160657.0
020 _a0439211220
040 _aDLC
_cDLC
_beng
050 0 0 _aPZ7.B6654
082 0 0 _a813.54
100 1 _aBourgeois, Paulette
245 1 0 _aFranklin's baby sister /
_cwritten by Paulette Bourgeois ; illustrated by Brenda Clark.
260 _aNew York :
_bScholastic,
_c2000
300 _a26 unnumbered pages :
_bcolor illustrations ;
_c24 cm.
490 _aFranklin
505 _aK
520 _aIn this Franklin Classic Storybook, our hero is thrilled to learn he'll be a big brother in the spring. He can hardly wait for the new baby, but spring seems a long time away. Franklin does everything he can to make spring come, but nothing happens. Even the seed he planted at school doesn't look like it will ever become a plant. Then, one day, spring finally appears and something very special arrives ... something little and green and absolutely wonderful!
521 0 _a520
_bLexile
521 1 _aK
_bRaz-Plus
650 1 _aBabies
_vFiction
650 1 _aSiblings
_vFiction
650 1 _aTurtles
_vFiction
650 1 _aSpring
_vFiction
700 1 _aClark, Brenda
_eillustrator
906 _a7
_bcbc
_corignew
_d2
_encip
_f20
_gy-gencatlg
942 _2ddc
_cBK
_n0
999 _c3382
_d3382